000 00773nam a2200253Ia 4500
003 OSt
005 20220918230848.0
006 a|||||r|||| 00| 0
007 ta
008 220917b |||||||| |||| 00| 0 eng d
024 _a260,910
037 _cTextual
040 _aARTS
_cARTS
_beng
041 _2eng
_aeng
082 _aV2N5:28tARC, K6.8
110 _aReport of the Working Group,on Life Insurance Administraation
_9153410
245 0 _aAdministrative reforms commission
_b report
260 _aDelhi
_bGovernment of India
_c1968
490 _vVolume.1
650 _aHISTORY
700 _aReport of the Working Group,on Life Insurance Administraation
_9153411
942 _hV2N5:28tARC, K6.8
_cTEXL
_2CC
999 _c289168
_d289168